Er flog an meiner Seite /

Shranjeno v:
Bibliografske podrobnosti
Glavni avtor: Morzfeld, Erwin (autor)
Format: Knjiga
Jezik:German
Izdano: Munich, Alemania : Kindler, 1957, c1957
Teme:
Oznake: Označite
Brez oznak, prvi označite!

MARC

LEADER 00000nam^a2200000^a^4500
001 000380940
005 20250521000000.0
009 20260310120629.684
037 |a Acervo ITESO - Biblioteca 
041 |a ALE 
082 |a 833.  |b MOR 
100 |a Morzfeld, Erwin  |e (autor) 
245 1 0 |a Er flog an meiner Seite /  |c E. Morzfeld. 
264 4 |a Munich, Alemania :  |b Kindler,  |c 1957, c1957 
300 |a 518 p. 
336 |a texto  |b txt  |2 rdacontenido 
337 |a sin mediación  |b n  |2 rdamedio 
338 |a volumen  |b nc  |2 rdasoporte 
649 |a XX 
650 |a Novela Alemana 
650 |a Literatura Alemana -  |y Siglo XX 
910 |a Fondo General 
920 |a Impresos - Libros 
930 |a Colección General 
940 |a Literatura 
905 |a 101 
901 |a 0500275948  |b IT1  |c LIT  |i D78335  |u 20250521 
902 |a https://opac.biblio.iteso.mx/vufind/Record/000380940